Textbook of Emergency Medicine Including Intensive Care & Trauma Vol.1 (Record no. 1222561)

MARC details
000 -LEADER
fixed length control field 00413nam a2200145Ia 4500
008 - FIXED-LENGTH DATA ELEMENTS--GENERAL INFORMATION
fixed length control field 260624s2022 xx 000 0 und d
020 ## - INTERNATIONAL STANDARD BOOK NUMBER
International Standard Book Number 9789354651373
041 ## - LANGUAGE CODE
Language code of text/sound track or separate title eng
082 ## - DEWEY DECIMAL CLASSIFICATION NUMBER
Classification number 616.025
100 ## - MAIN ENTRY--PERSONAL NAME
Personal name Sharma Bhawna
245 ## - TITLE STATEMENT
Title Textbook of Emergency Medicine Including Intensive Care & Trauma Vol.1
250 ## - EDITION STATEMENT
Edition statement 2nd ed
260 ## - PUBLICATION, DISTRIBUTION, ETC.
Name of publisher, distributor, etc. Jaypee Brothers Med. Pub.2022
Date of publication, distribution, etc. 2022
650 ## - SUBJECT ADDED ENTRY--TOPICAL TERM
Topical term or geographic name entry element Emergency Medicine
Holdings
Withdrawn status Lost status Damaged status Not for loan Home library Current library Date acquired Cost, normal purchase price Total Checkouts Full call number Barcode Date last seen Price effective from Koha item type
        Medical College, Pune Medical College, Pune 03/07/2025 2231.25   616.025 MCP-21974 25/06/2026 25/06/2026 Book